INTRODUCTORY METHODS OF NUMERICALANALYSIS (Record no. 651138)

MARC details
000 -LEADER
fixed length control field 00355pam a2200157a 44500
008 - FIXED-LENGTH DATA ELEMENTS--GENERAL INFORMATION
fixed length control field 230515b1995 xxu||||| |||| 00| 0 eng d
020 ## - INTERNATIONAL STANDARD BOOK NUMBER
International Standard Book Number NULL
041 ## - LANGUAGE CODE
Language code of text/sound track or separate title ENGLISH
082 ## - DEWEY DECIMAL CLASSIFICATION NUMBER
Classification number 630
100 ## - MAIN ENTRY--PERSONAL NAME
Personal name SASTRY S S
245 ## - TITLE STATEMENT
Title INTRODUCTORY METHODS OF NUMERICALANALYSIS
250 ## - EDITION STATEMENT
Edition statement 2
260 ## - PUBLICATION, DISTRIBUTION, ETC.
Place of publication, distribution, etc. DELHI
Name of publisher, distributor, etc. PITMAN
Date of publication, distribution, etc. 1995
300 ## - PHYSICAL DESCRIPTION
Extent 296
650 ## - SUBJECT ADDED ENTRY--TOPICAL TERM
Topical term or geographic name entry element NULL
Holdings
Withdrawn status Lost status Damaged status Not for loan Home library Current library Shelving location Date acquired Source of acquisition Cost, normal purchase price Total Checkouts Full call number Barcode Date last seen Price effective from Koha item type
        College of Engineering, Pune College of Engineering, Pune   16/04/2008 DONATE 130.00   630 ECP-D-427 28/06/2023 28/06/2023 Book